| 000 | 00597cam a2200181 4500 | ||
|---|---|---|---|
| 020 | _a0876715587 | ||
| 082 | 0 | 0 |
_a658.00216 _bROS _cD |
| 100 | 1 |
_aRossnagel, W. B. _944532 |
|
| 245 | 1 | 0 |
_aChecklists for management, engineering, manufacturing, and product assurance _c[by] W. B. Rossnagel. |
| 250 | _aVOL 1 | ||
| 260 |
_aNew York, _bSpartan Books _c[1971- |
||
| 300 |
_av. _billus. _c24 cm. |
||
| 505 | 1 | _av. 1. Management checklists. | |
| 526 |
_a0 _b0 _c0 _d658_002160000000000_ROS |
||
| 650 | 0 |
_aIndustrial engineering _xOutlines, syllabi, etc. _944667 |
|
| 650 | 0 |
_aMCE _9379 |
|
| 942 |
_2ddc _cBK |
||
| 999 |
_c548391 _d548391 |
||